• 首页
  • 本馆介绍
  • 公告通知
  • 最新文献
  • 馆藏检索
  • 电子资源
  • 读者导购
  • 参考咨询
  • 我的图书馆
  • 登录
  • 详细信息显示
  • 放入我的书架
  • 预约/预借图书
  • 作者相关作品
  • 分类相关作品
  • 丛书相关作品
  • 出版社相关作品

书目信息

  • 表格格式
  • 工作单格式
  • 卡片格式
题名:
人体律动的诗篇
    
 
作者: 徐尔充 著
分册:  
出版信息: 北京   北京时代华文书局  2016
页数: 352页
开本: 24cm
丛书名: 中国艺术研究院学术文库
单 册:
中图分类: J701-53
科图分类:
主题词: 舞蹈美学--wu dao mei xue--文集
电子资源:
ISBN: 978-7-5699-0840-4
000 01025nam0 22002651 450
001 1760895335
005 20170619171926.0
010    @a978-7-5699-0840-4@dCNY70.00
100    @a20170222d2016 em y0chiy50 ea
101 0  @achi
102    @aCN@b110000
105    @ay z 000yy
106    @ar
200 1  @a人体律动的诗篇@9ren ti lv dong de shi pian@e舞蹈审美论集@f徐尔充著
210    @a北京@c北京时代华文书局@d2016
215    @a352页@d24cm
225 2  @a中国艺术研究院学术文库@9zhong guo yi shu yan jiu yuan xue shu wen ku@f王文章主编
330    @a本书收录了《舞蹈美学与舞蹈艺术实践》《舞蹈美的本质、构成和功能》《舞蹈形式美的构成》《舞蹈表演的美学问题琐记》《舞蹈欣赏与舞蹈审美的共同性与差异性》《提高舞蹈的思想艺术质量》等文章。
461  0 @12001 @a中国艺术研究院学术文库
517 1  @a舞蹈审美论集@9wu dao shen mei lun ji
606 0  @a舞蹈美学@9wu dao mei xue@j文集
690    @aJ701-53@v5
701  0 @a徐尔充@9xu er chong@f(1932~)@4著
801  0 @aCN@b百万庄@c20170617
905    @b1013583-5@dJ701-53@e177@f3
    
    人体律动的诗篇:舞蹈审美论集/徐尔充著 .-北京:北京时代华文书局,2016
    352页;24cm.-(中国艺术研究院学术文库/王文章主编)
    
    
    ISBN 978-7-5699-0840-4:CNY70.00
    本书收录了《舞蹈美学与舞蹈艺术实践》《舞蹈美的本质、构成和功能》《舞蹈形式美的构成》《舞蹈表演的美学问题琐记》《舞蹈欣赏与舞蹈审美的共同性与差异性》《提高舞蹈的思想艺术质量》等文章。
●
相关链接 在E读中查询图书 在五车中查询图书 在当当中查询图书 在豆瓣中查询图书


正题名:人体律动的诗篇     索取号:J701-53/177         预约/预借

序号 登录号 条形码 馆藏地/架位号 状态 备注
1 1013583   210135833   第一样本阅览室/ [索取号:J701-53/177] 在馆    
2 1013584   210135842   第一借阅区/ [索取号:J701-53/177] 在馆    
3 1013585   210135851   教育系资料室/ [索取号:J701-53/177] 在馆    
唐山师范学院图书馆 欢迎您!
大连网信软件有限公司© 版权所有